| 000 | 00734nam a2200205Ia 4500 | ||
|---|---|---|---|
| 003 | GCL | ||
| 008 | 140319s9999 xx 000 0 ara d | ||
| 020 | _a6346305977 | ||
| 040 |
_aGCL / _cGCL |
||
| 082 | 0 | 4 |
_aق _b726.2 _bم ج |
| 100 | 1 | _aزاهى حواس | |
| 245 | 1 | 0 |
_aجامع عمر بن العاص اثر رقم ''319'' (21هـ -641 م ) مصر القديمة - القاهرة / _cزاهى حواس |
| 260 |
_aالقاهرة : _bالمجلس الاعلى للاثار ، _c2002 |
||
| 300 |
_a50 ص ؛ _c30 سم |
||
| 650 | 0 | 4 | _aجامع عمرو بن العاص |
| 650 | 0 | 4 | _aمصر - الاثار الاسلامية |
| 650 | 0 | 4 | _aالمساجد - ترميم |
| 650 | 0 | 4 | _aالمساجد - عمارة |
| 942 |
_2ddc _cBK |
||
| 999 |
_c57431 _d57431 |
||